000 00449cam a2200193ua 4500
001 9195
008 150223n ii |||gr||||Z||||||eng
020 _a0419171908
040 _cMAIN
041 _aeng
082 _a411
100 _aKirkman, J.,
_eAuthor.
245 1 _aGood style :
_bWriting for S&T /
_cBy J. Kirkman .
250 _a1st.
260 _aLondon:
_bSpon,
_c2001.
300 _ax,220p.
653 _aWriting systems
942 _cBK
999 _c8265
_d8265